00875nas a2200229Ia 4500001001100000003000900011008004100020040001300061040001300074041001300087100004200100210001300142222001300155245006500168250001100233260002800244501008600272300001700358362003300375500017800408650005900586R652/49153IT-RoPAU151124c99999999xx |||||||||||| ||und|| aIT-RoPAU cIT-RoPAU aITALIANO aBurke PetergCodice Aut. SPICS: 8685 aPROMETEO aPrometeo aPROMETEO, ANNO 02-N.06 (GIUGNO 1984)bMondo Come Teatro (Il) a1a ed. aMILANObMONDADORIc1984 bPaulus - SPICS - Società San Paolo EM (non-commercial uses only)cCopyright2015 a10 p. [6-15] aANNO 002, N.06 (GIUGNO 1984) aUn'Originale Ricerca Fra Storia e Sociologia: Nell'Italia del Tardo Rinascimento Sperperi, Lussi e Fasti sono Altrettanti Mezzi per Tradurre la Ricchezza in Status e Potere. aTELEVISIONE - RADIO - SCIENZEvPUBBLICAZIONE PERIODICA